000 00393nam a22001697a 4500
003 MPLRDC
005 20220104124422.0
008 210129b ||||| |||| 00| 0 eng d
082 _a859.4 THW v.3
100 _a林文星策划
245 _a魔橱
_c
260 _a
_b翰林文化公司
_c
300 _b
490 _a童话屋;3
650 _a童话故事
942 _cBK
_o859.4 THW v.3
999 _c19172
_d19162